00528 2200205 4500001002100000008004100021035002000062245009400082100001300176250000600189260003200195300001100227084001400238082000800252650001400260990001200274990001200286990001200298990001200310INLIS000000000000512 ind  a0010-0424000488 aEnsiklopedia Bahasa Inggris; Developing English Skill Writing Explanation TextscDjatmika aDjatmika a1 aBandung :bPakar Rayac2015 a84 hlm a420 DJA e a420 aNon Fiksi a0722076 a0722077 a0722078 a0722079